LIBRARY & INFORMATION CENTRE, KCAET, TAVANUR

ONLINE PUBLIC ACCESS CATALOGUE (OPAC)

Printed circuits boards: Design and technology / (Record no. 10361)

MARC details
000 -LEADER
fixed length control field 00587cam a2200217ua 4500
020 ## - INTERNATIONAL STANDARD BOOK NUMBER
ISBN 0-07-45149-7
041 ## - LANGUAGE CODE
Language code of text/sound track or separate title eng
082 ## - DEWEY DECIMAL CLASSIFICATION NUMBER
Classification number 621.381531
Item number BOS/PR
100 ## - MAIN ENTRY--AUTHOR NAME
Personal name Bosshart, Walter C .
245 ## - TITLE STATEMENT
Title Printed circuits boards: Design and technology /
250 ## - EDITION STATEMENT
Edition statement 16 /
260 ## - PUBLICATION, DISTRIBUTION, ETC. (IMPRINT)
Place of publication New Delhi :
Name of publisher Tata Mc-Graw Hill Publishing Company ,
Year of publication 1995.
300 ## - PHYSICAL DESCRIPTION
Number of Pages 467 ; .
500 ## - GENERAL NOTE
General note *CSS
942 ## - ADDED ENTRY ELEMENTS (KOHA)
Koha item type Books
Holdings
Withdrawn status Lost status Damaged status Home library Current library Shelving location Date acquired Full call number Accession Number Koha item type
      KAUAET KAUAET Scheme 03/09/2018 621.381531 BOS/PR 18958 Book Bank scheme for SC students
      KAUAET KAUAET Scheme 04/09/2018 621.381531 BOS/PR 18956 Book Bank scheme for SC students
      KAUAET KAUAET Scheme 04/09/2018 621.381531 BOS/PR 18957 Book Bank scheme for SC students
free website counter